Coupe du Monde 1950: Un joueur, une équipe - Statistiques

Statistiques générales
  • Ce quiz a été pris 32 fois
  • Le résultat moyen est 12 sur 13
Statistiques - réponses
Réponse % Correct
Angleterre
100%
Italie
100%
Brésil
97%
Espagne
97%
Yougoslavie
97%
Suède
93%
Uruguay
93%
Mexique
90%
Etats-Unis
83%
Paraguay
83%
Chili
80%
Suisse
80%
Bolivie
70%
Aucun quiz correspondant
Distribution des résultats
% des personnes avec chaque résultat
Percentile par nombre de réponses
Votre historique - résultats
Vous n’avez pas pris ce quiz